[Event "Hamburg CC Easter op 4th"]
[Site "Hamburg"]
[Date "2018.04.01"]
[Round "6"]
[White "Meyer, Thorlejf"]
[Black "Huo, Da"]
[Result "0-1"]
[WhiteElo "1858"]
[BlackElo "1608"]
[PlyCount "46"]
[EventDate "2018.03.30"]
[EventType "swiss"]
[EventRounds "7"]
[EventCountry "GER"]
[SourceTitle "CBM 183 Extra"]
[Source "ChessBase"]
[SourceDate "2018.04.19"]
[SourceVersion "1"]
[SourceVersionDate "2018.04.19"]
[SourceQuality "1"]

1. e4 c5 2. Nf3 e6 3. d4 cxd4 4. Nxd4 a6 5. Bd3 Qc7 6. 0-0 b5 7. Nd2 Bb7 8. N2f3 d6 9. Re1 Nd7 10. a4 b4 11. Bd2 d5 12. exd5 Bxd5 13. Qe2 Nc5 14. c3 Nxd3 15. Qxd3 bxc3 16. Bxc3 Ne7 17. Nf5 f6 18. Bb4 g6 19. Rac1 Qf4 20. Nd6+ Kd7 21. Qc3 Nc6 22. Nf7 Bxb4 23. N7e5+ fxe5 0-1